Quizzes
Events
Quiz Creation
Community
Videos
Private Events
Remove Ads
Sign In
Join for FREE
Feedback
Dark Mode
Quiz Categories
Sports
Geography
Music
Movies
Television
Just For Fun
Miscellaneous
History
Literature
Language
Science
Gaming
Entertainment
Religion
Holiday
For Kids
Quiz Lab
Recent
Popular Today
Quiz Kudos Today
Editor Picks
Curator Picks
Quizzes by...
Day
Popularity
Type
Ratings
Length
Year
Community
Subscriptions
Recent Discussions
Orange Saloon
Badges
Playlists
Quests
Create
Leaderboards
Showdown
Live 5
Trivia Bingo
Activity
Puzzle Library
Sporcle Events
Private Events
Virtual Trivia
Globe League
Become a Host
Pub Owners
SporcleCon
Opinionation
Our Games
Videos
Blog
Mobile Apps
Partnerships
Remove Ads and Go Orange
Feedback
Music
Pop Music
The Beatles
Song
Album
Lyrics
Bands
Singers
Artist
Clip
Rock
Rap
Classical
Billboard
Country Music
Kpop
Taylor Swift
Music
Pop Music
The Beatles
Song
Album
Lyrics
Bands
Singers
Artist
Clip
Rock
Rap
Classical
Billboard
Country Music
Kpop
Taylor Swift
Random Quiz
Search Sporcle
×
Quiz Lab
Quiz Lab
Music
Song
Type in answers that appear in a list
Type in answers that appear in a list
Classic
Best Score? Go Orange.
Guess the Disney song Stats
Can you name the lyrics to this Disney song??
By
ashbash1992
10m
130 Questions
251 Plays
251 Plays
251 Plays
Comments
Comments
Give Quiz Kudos
Give Quiz Kudos
-
- Ratings
hide this ad
Replay
Link that replays current quiz
Next Quiz
Link to next quiz in quiz playlist
You Got
0%
They Got
Avg Score
66%
Avg Friend Score
Upgrade to see
Score Distribution
Jump to the score distribution portion of the page
Score
0/130
Timer
10:00
0
Plays Today
% Correct
the
97.6%
and
97.6%
the
97.6%
the
97.6%
the
97.6%
and
97.6%
the
97.6%
the
97.6%
and
97.6%
and
97.6%
and
97.6%
the
97.6%
the
97.6%
the
97.6%
and
97.6%
and
97.6%
and
97.6%
the
97.6%
the
97.6%
the
97.6%
the
97.6%
to
84.9%
to
84.9%
to
84.9%
to
84.9%
be
84.1%
be
84.1%
be
84.1%
we
83.7%
it
83.7%
we
83.7%
it
83.7%
we
83.7%
in
83.3%
in
83.3%
in
83.3%
on
80.1%
on
80.1%
on
80.1%
on
80.1%
can
78.1%
can
78.1%
do
77.7%
of
76.5%
% Correct
of
76.5%
of
76.5%
of
76.5%
its
68.9%
its
68.9%
too
67.3%
love
66.5%
love
66.5%
From
65.3%
see
64.5%
ever
64.1%
ever
64.1%
ever
64.1%
us
63.3%
us
63.3%
theres
62.5%
theres
62.5%
day
62.2%
all
60.6%
all
60.6%
our
60.2%
our
60.2%
than
59%
than
59%
than
59%
more
57.8%
seen
57.8%
more
57.8%
more
57.8%
life
57.4%
life
57.4%
life
57.4%
life
57.4%
sun
57%
sun
57%
planet
55.8%
done
55.8%
circle
55.8%
circle
55.8%
circle
55.8%
circle
55.8%
circle
55.8%
circle
55.8%
arrive
54.6%
% Correct
but
54.2%
here
53.4%
find
53%
find
53%
find
53%
take
52.6%
through
52.6%
through
52.6%
through
52.6%
through
52.6%
through
52.6%
into
52.2%
much
51.8%
step
51.4%
high
50.6%
sky
50.6%
moves
49.8%
path
49.8%
moves
49.8%
path
49.8%
found
49%
far
48.6%
blinking
46.6%
place
46.6%
unwinding
46.6%
unwinding
46.6%
sapphire
45.8%
til
45.4%
til
45.4%
rolling
43.8%
faith
43.8%
faith
43.8%
hope
43%
hope
43%
despair
39.4%
despair
39.4%
great
39%
endless
39%
small
38.2%
round
38.2%
way
34.3%
keeps
29.1%
Quiz Playlist
Details
Report
Send in Message
Add To Playlist
Classic:
Type in answers that appear in a list
Last Updated: Feb 16, 2017
Quiz Scoreboard
CHALLENGE
Sign Up to Join the Scoreboard
Show All
Scores
Hide
Comments
May contain spoilers
Recently Published
Billboard Blitz: Fleetwood Mac
by CooCooCachoo
Music
15s
Presidents Visiting Landmarks
by Hejman
History
7m
An Introduction to Baseball
by treessimontrees
Sports
5m
More to Explore
Quiz From the Vault
Featured Blog Post
Where Did the Easter Bunny Come From?
hide this ad
You Might Also Like...
Tags
Disney Quiz
Song Quiz
Today's Top Quizzes in Music
Browse Music
hide this ad
Today's Top Quizzes in Song
Browse Song
Top Contributed Quizzes in Music
1
Taylor Swift All Songs (2024)
2
Guess the Artist- 70s Songs
3
7-to-1: Billboard Hot 100 #1 Hits of 2010s
4
Sorting Albums and Songs
5
Taylor Swift Logic Puzzle
6
One Thing in Common: Music
7
2010s Album by Cover III
8
KPOP LOGIC QUIZ
9
Guess the Taylor Swift song (Mystery Song)
10
Guess the Artist- 80s Songs
Explore More
Trending Topics
Kpop
Disney
Marvel
NBA
Anime
Harry Potter
Crossword
The Office
Pokémon
WWE
NFL
Puzzle
Country
Song
Soccer
hide this ad
More By:
ashbash1992
Quiz
Plays
Rating
Category
Featured
Created
Guess the Disney song
251
3.00
Music
Dec 14, 2011
Go to Creator's Profile
Score Distribution
Quiz Creator Spotlight
ashbash1992
Follow
Send a Message
Quizzes Created
-
Created Quiz Play Count
-
More By This Creator
Popular Quizzes Today
1
Find the US States - No Outlines Minefield
2
Find the Countries of Europe - No Outlines Minefield
3
The Countries of the World
4
Find the US States
5
US States
6
Popular People in 1961
7
Risky Map Clicking: Biggest States A-Z
8
Movies - When Are They Set?
More Music Quizzes
Band/Artists of North America
Quiz Lab
Trending Quizzes
Risky Map Clicking: Least Populous States A-Z
1-10 Letter G Words
1-10 Letter F Words
Risky Map Clicking: Next State Alphabetically
Risky Map Clicking: Biggest States A-Z
Recently Updated
Leaping Animals
pecheneg
Reality TV Shows (A-Z)
bhenderson79
Rickey Henderson's Hall of Fame Teammates
pecheneg
Champions League XIs: Arsenal
pecheneg
Quick Pick: Celebrities in WWE's Hall of Fame
aduchscher
A-Z Keypad Blitz II
pecheneg
Multiple Oscar Actors
pecheneg
Mystery Phrase Blitz: Oscar 'Best Actors'
pecheneg
F. Scott Fitzgerald Novels
LTH
Pick 3 Villains
ddd62291
Trending Topics
NBA
Anime
Crossword
Harry Potter
Marvel
Kpop
Disney
The Office
Song
Soccer
NFL
Puzzle
WWE
Country
Pokémon
Your Account Isn't Verified!
In order to create a playlist on Sporcle, you need to verify the email address you used during registration. Go to your
Sporcle Settings
to finish the process.
Report this User
Report this user for behavior that violates our
Community Guidelines
.
Details:
Send Report
Go to the Sporcle.com Mobile Site →
Comments